[Event "TAO 48"]
[Site "?"]
[Date "2009.08.08"]
[Round "1"]
[White "Simpson, Ron"]
[Black "Lovelace, Randy"]
[Result "1-0"]
[WhiteElo "2290"]
[BlackElo "1875"]
[Annotator "Rybka 3 (90s)"]
[PlyCount "57"]
[SourceDate "2006.11.11"]

{C56: Two Knights: 4 d4 exd4 5 0-0 Nxe4} 1. e4 e5 2. Nf3 {
White threatens to win material: Nf3xe5} Nc6 3. Bc4 Nf6 (3... Bc5 4. O-O $11)
4. d4 exd4 5. O-O Nxe4 6. Re1 d5 7. Bxd5 Qxd5 {Black wins a piece} 8. Nc3 {
White threatens to win material: Nc3xd5} Qh5 9. Nxe4 {White has a mate threat}
Be6 10. Bg5 Bd6 11. Nxd6+ cxd6 {Opposite coloured bishops appeared} 12. Bf4 Qd5
13. c3 {Prevents intrusion on b4} O-O 14. Nxd4 Nxd4 15. cxd4 Rfc8 16. b3 Rc3
17. Rc1 {White threatens to win material: Rc1xc3} Rac8 18. Rxc3 {
White has a mate threat} Rxc3 19. Qd2 {White threatens to win material: Qd2xc3}
Rc8 20. Qb4 g5 21. Bxd6 a5 {Black threatens to win material: a5xb4} (21... f6
22. Bg3 Rc2 23. h4 $11) 22. Qb6 Qe4 $2 (22... h6 $142 $5 $14 {
is worth consideration}) 23. Qxa5 $18 (23. Rxe4 Rc1+ 24. Re1 Rxe1#) 23... Qd5 (
23... Qf5 24. Qxf5 Bxf5 25. h3 $18) 24. Qb4 (24. Qxd5 $142 $5 Bxd5 25. h4 $18)
24... Rc2 $16 25. h3 (25. h4 Qf5 26. Bg3 Rxa2 27. Qxb7 $16) 25... Qf5 (25... f6
$5 $16) 26. Bg3 $18 h5 $4 {terrible, but the game is lost in any case} (26...
Rxa2 $142 27. Qxb7 Bd5 $18) 27. Re5 Qf6 28. Qb5 h4 (28... Rc1+ {
is still a small chance} 29. Kh2 Kh7 30. Rxg5 Rd1 31. Rxh5+ Kg6 $18) 29. Rxg5+
(29. Rxg5+ Kh7 30. Qd3+ Kh6 31. Bxh4 Rc1+ 32. Kh2 Qf4+ 33. Rg3 $18) 1-0

[Event "TAO 48"]
[Site "?"]
[Date "2009.08.08"]
[Round "1"]
[White "Jiang, Tian-Shun Allan"]
[Black "McNeill, Jonathon"]
[Result "0-1"]
[WhiteElo "1793"]
[BlackElo "1977"]
[Annotator "Rybka 3 (90s)"]
[PlyCount "120"]
[EventDate "8.??.??"]
[SourceDate "2006.11.11"]

{B01: Scandinavian Defence} 1. e4 d5 2. exd5 Qxd5 {White king safety dropped}
3. Nf3 Nf6 4. d4 Bg4 5. Be2 Nc6 6. c4 {White threatens to win material: c4xd5}
Qd7 7. Be3 {White has an active position} O-O-O 8. O-O (8. Nbd2 $142 $5 $14 {
would allow White to play on}) 8... Bxf3 $15 9. Bxf3 Nxd4 10. Bxd4 Qxd4 {
Black king safety dropped} 11. Qa4 e6 {Secures d5} (11... Qxb2 $4 {
That pawn is poisoned} 12. Nc3 {Decoy: c3} Rd6 13. Nb5 $18) 12. Nc3 Qb6 13. b4
Be7 (13... Rd4 14. c5 Qa6 15. Qb3 $11) 14. Rab1 (14. c5 $5 {
must definitely be considered} Qa6 15. Qb3 $14) 14... Qa6 15. Qb3 Rd4 {
Black threatens to win material: Rd4xc4} (15... Rd2 16. c5 $11) 16. Nb5 {
White threatens to win material: Nb5xd4} (16. c5 Qc4 17. Qa3 Rd2 18. Qxa7 Qa6
19. Qxa6 bxa6 $11) 16... Rd2 $15 17. a4 Rhd8 18. Rfd1 $2 (18. Qe3 $5 $11) 18...
Rxd1+ (18... R8d3 19. Qxd3 Rxd3 20. Rxd3 $17) 19. Rxd1 (19. Bxd1 c6 20. Rc1 Ne4
$15) 19... Rxd1+ 20. Qxd1 $2 (20. Bxd1 $142 $5 c6 21. Qc3 $17) 20... Bxb4 $19
21. Qd4 c6 22. Nxa7+ Kb8 23. c5 (23. g4 e5 24. Nxc6+ Qxc6 (24... bxc6 $6 25.
Qxe5+ Ka7 26. Qf4 $17) 25. Qxe5+ Bd6 $19) 23... Ba5 (23... Kxa7 $6 24. Qxb4 Nd5
25. Bxd5 cxd5 26. g3 $17) 24. Nxc6+ bxc6 25. Qd6+ (25. g3 Bc7 $19) 25... Bc7
26. Qxc6 (26. Qd1 Qc4 27. Qb1+ Kc8 28. Bxc6 Qxc5 29. Bb7+ Kd8 $19) 26... Qxc6
27. Bxc6 Be5 28. Bb5 Bd4 29. c6 (29. Kf1 {
cannot undo what has already been done} Bxc5 30. g3 Ne4 $19) 29... Kc7 (29...
Ng4 {makes it even easier for Black} 30. Bd3 g6 31. Kf1 Nxf2 32. Bb5 $19) 30.
Kf1 Nd5 31. f3 Nc3 32. g4 (32. Bd3 {doesn't do any good} g6 $19) 32... Nxb5 33.
axb5 Be5 34. h4 Kb6 35. Ke2 (35. c7 {doesn't get the cat off the tree} Bxc7 36.
Ke2 Kxb5 $19) 35... Kxb5 36. Ke3 Kxc6 37. f4 (37. Ke4 {
cannot change what is in store for ?} Bc7 $19) 37... Bc7 38. Ke4 {
White plans f5} f6 39. f5 e5 40. g5 h6 41. gxh6 gxh6 42. h5 Bd8 (42... Bb6 43.
Kd3 Kd5 44. Kd2 e4 45. Ke1 Kd4 46. Kd2 Ba5+ 47. Ke2 e3 48. Kd1 Kd3 49. Kc1 e2
50. Kb1 Kc3 51. Ka2 e1=Q 52. Ka3 Qa1#) 43. Kd3 Kd5 44. Ke3 Bb6+ (44... e4 45.
Kd2 Kd4 46. Kc1 Kd3 47. Kb2 e3 48. Kb3 e2 49. Kb4 e1=Q+ 50. Kc5 Qe4 51. Kd6 Kc4
52. Kd7 Qe7+ 53. Kc6 Qc7#) 45. Kf3 Kd4 46. Ke2 Ke4 (46... e4 47. Kd2 Ba5+ 48.
Ke2 e3 49. Kf3 Kd3 50. Kg2 e2 51. Kh2 e1=Q 52. Kh3 Qf1+ 53. Kg3 Bc7+ 54. Kh4
Qf4+ 55. Kh3 Qg3#) 47. Ke1 Ke3 (47... Kd3 48. Kf1 e4 49. Kg2 e3 50. Kg3 e2 51.
Kg2 e1=Q 52. Kf3 Qf2+ 53. Kg4 Qg2+ 54. Kh4 Bf2#) 48. Kf1 Bd8 49. Ke1 e4 50. Kf1
Kd2 (50... Kf3 51. Ke1 e3 52. Kd1 e2+ 53. Kc2 e1=Q 54. Kb3 Qb1+ 55. Kc3 Ke4 56.
Kc4 Ba5 57. Kc5 Qb6+ 58. Kc4 Qb4#) 51. Kf2 e3+ 52. Kg3 (52. Kf3 {
doesn't change the outcome of the game} Kd3 53. Kg3 e2 54. Kf2 Bc7 55. Kf3 e1=Q
56. Kg2 Ke3 57. Kh3 Qg3#) 52... e2 53. Kg2 e1=Q 54. Kf3 Qe3+ (54... Qe2+ 55.
Kg3 Bc7+ 56. Kh3 Qf3+ 57. Kh4 Qg3#) 55. Kg4 (55. Kg2 {does not solve anything}
Bc7 56. Kf1 Qh3+ 57. Kg1 Bb6#) 55... Qg5+ (55... Bc7 56. Kh4 Qg3#) 56. Kf3
Qxf5+ 57. Kg2 (57. Kg3 {doesn't change anything anymore} Bc7+ 58. Kg2 Ke2 59.
Kh1 Qf1#) 57... Ke2 (57... Qg4+ 58. Kh2 Bb6 59. Kh1 Qh3#) 58. Kg3 Qg5+ (58...
Bc7+ 59. Kh4 Qf4+ 60. Kh3 Qg3#) 59. Kh3 (59. Kh2 {does not improve anything}
Kf3 60. Kh1 Qg2#) 59... Kf2 60. Kh2 Qxh5# 0-1

[Event "TAO 48"]
[Site "?"]
[Date "2009.08.08"]
[Round "3"]
[White "Eberhardinger, Mike"]
[Black "McNeill, Jonathon"]
[Result "0-1"]
[WhiteElo "1769"]
[BlackElo "1977"]
[Annotator "Rybka 3 (90s)"]
[PlyCount "64"]
[EventDate "8.??.??"]
[SourceDate "2006.11.11"]

{B01: Scandinavian Defence} 1. e4 d5 2. exd5 Qxd5 3. Nc3 {
White threatens to win material: Nc3xd5} Qd6 4. d4 Nf6 5. h3 {Covers g4} (5.
Nf3 a6 $11) 5... a6 {Covers b5} 6. Nf3 b5 (6... Nc6 7. Bd3 $11) 7. a3 {
Black is behind in developement. Black's piece can't move: f8} (7. Bd3 Bb7 $14)
7... Bb7 $14 {White has an active position} 8. Be3 {
Black is behind in developement. Black's piece can't move: f8} (8. Bd3 e6 $11)
8... e6 {White has a very active position} 9. Be2 Nbd7 10. O-O Be7 11. Re1 O-O
12. Bf1 (12. Qd2 Rfd8 $11) 12... c5 (12... Rad8 13. Qe2 $11) 13. Be2 (13. dxc5
Qxd1 14. Rexd1 Nxc5 $11) 13... Rac8 (13... Rfd8 14. dxc5 Qc7 15. Qc1 Nxc5 16.
Bf4 $15) 14. dxc5 Qxd1 (14... Nxc5 15. Qxd6 Bxd6 16. Rad1 $11) 15. Raxd1 $11
Nxc5 {White has an active position} 16. Ne5 Rfd8 17. Rxd8+ Rxd8 18. Rd1 Rxd1+
19. Bxd1 Nfe4 20. Nxe4 Bxe4 21. f3 {White threatens to win material: f3xe4} Bd5
22. Kf2 (22. b4 Nb7 $11) 22... f6 {Consolidates g5} 23. Nd3 Nxd3+ 24. cxd3 {
A double bishop endgame occured.} Kf8 25. f4 Ke8 26. Bf3 (26. b4 Kd7 $15) 26...
Bxf3 $15 27. Kxf3 Kd7 28. Bd4 Kc6 29. Bc3 Kd5 30. b4 (30. g4 g6 $15) 30... Bd8
$17 31. Ke3 (31. Ke2 $5 $17) 31... Bb6+ 32. Ke2 Bd4 (32... Bd4 33. Be1 g6 $17)
0-1

[Event "Asheboro Open 41"]
[Site "Asheboro "]
[Date "2009.01.03"]
[Round "3"]
[White "Chumachenko , Andrey"]
[Black "Simpson , Ron"]
[Result "1-0"]
[WhiteElo "2445"]
[BlackElo "2352"]
[Annotator "Rybka 3 (120s)"]
[PlyCount "45"]
[EventDate "2009.??.??"]
[SourceDate "2006.11.11"]

{D13: Slav Defence: Exchange variation without ...Bf5} {Hi, this is FM RON
SIMPSON with some comments on my game with FM Chumachenko.    ********** 
First, some general comments:  I am preparing deeply for the "Land in the Sky"
tournament, and my performance reflected this preparation.  The relationship
between analyzing well and opening study appears to have a reciprocal nature.
Throughout my games, I found myself unable to remain in the moment (analyzing
each move independent of opening theory).  My games were quite instructive for
me in respect to self reflection. Perhaps one day I will address this topic in
greater depth!  **********  Now on to this game:  My preparation for
Chumachenko was correct in that we entered the a6-Slav.  I had studied many
positions in the Slav, but unfortunately for me the exchange variation was
something I skimmed over.   **********} 1. d4 d5 2. Nf3 Nf6 3. c4 c6 (3... dxc4
4. Qa4+ c6 5. Qxc4 $11) 4. Nc3 (4. e3 Bf5 $11) 4... a6 {Secures b5} (4... dxc4
5. e3 Be6 6. Ng5 $11) 5. cxd5 (5. e3 g6 $11) 5... cxd5 6. Bf4 {(FM SIMPSON): 
Now the game appeared simple, with little for me to be concerned about. Our
opening struggle seemed to have subsided, and both sides were now ready to
develop without any real danger looming. However, this is where inexperience
CAN and DOES go wrong!  **********   (FM SIMPSON):  My feel for the position
and my understanding of piece placement wasn't flowing!  It was as if I was in
this position for the FIRST TIME, with only memories to guide me. I failed to
think my way through to the next move, instead trying to recall previous
studies.  **********} e6 {(FM SIMPSON):  Blocking my light squared Bishop!!} 7.
e3 Nh5 {
(FM SIMPSON):  Ah, as you can see now my brain is confused... 8-|  **********}
(7... Nc6 8. Be2 $14) 8. Bg5 {White threatens to win material: Bg5xd8 
**********  (FM SIMPSON):  Chumachenko played well, with straightforward moves
taking little or no risk, but achieving a good position.  The basic difference
between our play is that he is held to fundamental opening principles, while I
am violated many of these principles!  **********} (8. Be5 Nc6 $14) 8... Qa5 (
8... Qb6 9. a3 $14) 9. Nd2 Nf6 10. Bd3 (10. Rc1 Nc6 $14) 10... Nc6 (10... Be7
11. O-O $14) 11. a3 {Covers b4} Bd6 (11... Be7 12. O-O $14) 12. O-O (12. Bxf6
gxf6 13. Qg4 Ne7 $14) 12... Qc7 (12... Qd8 13. Rc1 $16) 13. f4 (13. Bxf6 gxf6
14. Qh5 f5 $14) 13... h6 (13... Be7 14. Nf3 $16) 14. Bh4 (14. Bxf6 $5 gxf6 15.
Qg4 $16) 14... g5 {Black threatens to win material: g5xh4} 15. Bg3 {(FM SIMPSON
):  Ok, this position is interesting but I am not sure how to resolve the
tension!  **********} h5 {
Black prepares the advance g4  **********  (FM SIMPSON)  Ambitious on my part!}
(15... Rg8 16. Rc1 $16) 16. Qf3 (16. fxg5 Ng4 17. Qf3 Bxg3 18. hxg3 Qe7 $16)
16... g4 {(FM SIMPSON):  Better was gxf4.  (Editor--Analysis below)  **********
} (16... gxf4 17. Bxf4 Bxf4 18. Qxf4 (18. exf4 $143 Qb6 19. Ne2 Ng4 $17) 18...
Qxf4 19. Rxf4 $16) 17. Qf2 Ne7 (17... O-O 18. Rac1 $16) 18. Rac1 {(FM SIMPSON):
Simple but effective.  (EDITOR's NOTE):  They don't call Andrey the Karpov of
NC for nothing!  **********} (18. Bh4 Neg8 $18) 18... Qd8 {(FM SIMPSON): 
Better was Qb6  **********  (FM SIMPSON):  I'm simply moving in the dark, with
no real feel for the position, and most importantly with no imagination!!  I
couldn't think of any good things to do.  **********} (18... Qb6 19. b4 $18)
19. Bh4 $18 Ng6 $2 (19... Neg8 $18) 20. Bg5 Be7 $2 (20... Nf8 $18) 21. f5 exf5
{(FM SIMPSON):  And the game is over for me!  (EDITOR's NOTE):  This position
requires more than a passing glance by average players to understand why the
game is over.  A rich position!  **********} (21... Nh7 {
doesn't improve anything} 22. Bh6 (22. fxg6 $6 Nxg5 23. gxf7+ Kf8 $18) 22...
Bh4 23. g3 $18) 22. Bxf6 (22. Bxf5 $142 $5 {keeps an even firmer grip} Be6 23.
Bxf6 O-O $18) 22... Bxf6 23. Bxf5 {(FM SIMPSON):  I resigned at this point. 
**********  (FM SIMPSON):  Andrey's game was solid and well-played.    
**********  (FM SIMPSON):  Now for some closing thoughts:  Many chess players
may think this was a bad tournament for me because of the score, but actually
this was a great tournament for me. My preparation for the Land in the Sky has
intensified, and I will be in better chess shape because of this tournament.  
(FM SIMPSON):  I would love to see what your computer analysis has to say
about some of the positions.     **********  (EDITOR's NOTE):  This was
analyzed with DEEP RYBKA 3.0 on a dedicated, hopped up and tripped out
computer monster.  I added an additional 30s per move, to total 120s per ply. 
At this level, the computer normally sees at least 18 moves deep, and should
be over 3000 in rating.} (23. Bxf5 O-O 24. Bxc8 $18) 1-0

[Event "Asheboro Open 41"]
[Site "Asheboro"]
[Date "2009.01.03"]
[Round "2"]
[White "Simpson, Ron"]
[Black "Jones, Craig"]
[Result "1/2-1/2"]
[WhiteElo "2353"]
[BlackElo "2300"]
[Annotator "Rybka 3 (90s)"]
[PlyCount "75"]
[EventDate "2009.??.??"]
[SourceDate "2006.11.11"]

{D11: Slav Defence: 3 Nf3 sidelines and 3...Nf6 4 e3 Bg4} {**********  (FM
Simpson):  This game was a comedy of errors on both our parts.  I played the
opening poorly, and he played the middle game poorly.  In all it balanced out,
and both us were lucky to walk away with a draw!  I haven't added any comments
to the game.  My game notation is incomplete because we were in time trouble! 
The game ended in an interesting pawn vs Bishop configuration.    **********} 
1. Nf3 d5 2. c4 c6 3. d4 (3. Qa4 dxc4 4. Qc2 Nf6 $11) 3... Nf6 (3... dxc4 4. e3
$11) 4. b3 (4. e3 g6 $11) 4... Bf5 5. g3 e6 6. Bg2 Bb4+ 7. Nbd2 (7. Bd2 $142 {
and White can hope to survive} Be7 8. O-O $11) 7... Bc3 $19 8. Ba3 Qa5 9. Bd6
Ne4 10. Bf4 Bxa1 11. Qxa1 Qc3 12. Qd1 (12. O-O Qxa1 13. Rxa1 h6 $17) 12... Nxd2
(12... Qb2 13. Nxe4 Bxe4 14. O-O $19) 13. Nxd2 (13. Qxd2 Qa1+ 14. Qc1 Qxa2 15.
cxd5 exd5 $19) 13... Qxd4 $19 14. Qc1 O-O 15. O-O Nd7 16. Rd1 (16. Re1 Qb6 17.
e4 dxe4 18. Nxe4 Rfd8 $19) 16... Qf6 (16... Qc5 17. Be3 Qe7 18. cxd5 exd5 19.
Qb2 $19) 17. Nf3 (17. e4 e5 18. exf5 exf4 19. cxd5 cxd5 20. Bxd5 Rac8 $19)
17... h6 18. Bd6 Rfe8 19. Ba3 (19. Nh4 Rac8 $19) 19... Ne5 (19... Be4 20. Bb2
Qe7 21. cxd5 cxd5 22. Ba3 $19) 20. Ne1 (20. Nh4 $19) 20... dxc4 (20... Qg6 $142
$5 $19) 21. Bb2 $17 Rad8 22. Rxd8 Rxd8 23. Qa1 (23. f4 Qe7 24. Bxe5 $19) 23...
Rd2 24. Bxe5 Qd8 25. Bc3 $2 (25. bxc4 $142 Rd1 26. Qc3 $17) 25... Rd1 $19 26.
Qb2 Rb1 27. Qa3 Qd1 28. g4 cxb3 29. gxf5 Qxe2 $4 {throws away the game} (29...
Qc2 $142 $1 {and Black wins} 30. Qxb3 Rxb3 31. Nxc2 Rxc3 $19) 30. axb3 $11
Rxe1+ 31. Bxe1 Qxe1+ 32. Bf1 Qe4 {Black threatens to win material: Qe4xf5} 33.
Qd6 Qg4+ 34. Bg2 Qxf5 35. Qd1 (35. Qb8+ Kh7 $11) 35... g6 36. h3 a5 (36... c5
37. Qd7 Qb1+ 38. Kh2 Qxb3 39. Qc8+ Kg7 40. Qxc5 $11) 37. Qd8+ $11 Kg7 38. Qd4+
1/2-1/2

[Event "Asheboro Open 41"]
[Site "MyTown"]
[Date "2009.01.04"]
[Round "3"]
[White "Dejong, Andrew"]
[Black "Mabe, Chris"]
[Result "1/2-1/2"]
[WhiteElo "1855"]
[BlackElo "2281"]
[Annotator "Rybka 3 (90s)"]
[PlyCount "92"]
[EventDate "2009.??.??"]
[SourceDate "2006.11.11"]

{A25: English Opening vs King's Indian with ...Nc6 but without early d3} 1. c4
(1. e4 Nc6 $11) 1... e5 2. g3 Nc6 3. Bg2 f5 (3... Nf6 4. Nc3 $11) 4. Nc3 Nf6 5.
d3 {Secures e4} Bb4 6. Bg5 (6. Nf3 Be7 $14) 6... d6 (6... h6 7. Bd2 $14) 7. e3
{Consolidates d4} h6 8. Bxf6 Qxf6 (8... Bxc3+ 9. bxc3 Qxf6 10. Rb1 $11) 9. Nge2
O-O (9... f4 10. gxf4 exf4 11. Nxf4 Bxc3+ 12. bxc3 Qxc3+ 13. Kf1 $14) 10. O-O
Qf7 (10... Bxc3 11. Nxc3 Nd8 12. d4 $14) 11. Nd5 $14 Ba5 12. Qa4 Be6 (12... Rb8
13. b4 Bb6 14. d4 $14) 13. b4 (13. Ndf4 $5 exf4 14. Nxf4 $16) 13... Bb6 $14 14.
Qc2 Ne7 (14... Nd8 $5 $11) 15. Nxb6 (15. Nxe7+ Qxe7 16. Bxb7 Rab8 $16) 15...
axb6 16. Bxb7 Rab8 (16... Ra7 17. Bg2 $16) 17. Bg2 $16 f4 $2 (17... e4 $142 $5
18. dxe4 Bxc4 $16) 18. exf4 $18 Qh5 (18... Bf5 19. a4 $18) 19. d4 (19. Rae1 Ng6
20. Nd4 Bh3 21. Bxh3 Qxh3 22. fxe5 Nxe5 $18) 19... Bg4 (19... exf4 20. Nxf4
Rxf4 21. gxf4 $18) 20. Rae1 Bf3 21. dxe5 dxe5 (21... Bxg2 22. Kxg2 dxe5 23. Qe4
$18) 22. h3 (22. Bxf3 $5 {keeps an even firmer grip} Qxf3 23. fxe5 Nc6 $18)
22... Bxg2 23. Kxg2 Nc6 (23... Qg6 24. Qc3 $18) 24. a3 (24. b5 {
and White can already relax} Nd8 $18) 24... Ra8 (24... Rbd8 $142 $18) 25. Qe4
Ne7 26. Ra1 (26. fxe5 $142 $5 {might be the shorter path} Rxa3 27. Nf4 Qf5 $18)
26... Ng6 27. fxe5 Qxe5 28. Qxe5 (28. Qd5+ Kh7 29. Nd4 Rfd8 30. Qxe5 Nxe5 $18)
28... Nxe5 $16 29. c5 (29. a4 c5 30. bxc5 bxc5 $18) 29... bxc5 30. bxc5 (30. f4
Nc4 31. Rfc1 Rxa3 32. Rxa3 Nxa3 33. Rxc5 Rb8 $16) 30... Ra4 (30... Nd3 $5 $16)
31. Nf4 Nc4 (31... g5 32. Nd5 $18) 32. Nd5 (32. Rfb1 Ra7 $18) 32... Kf7 $2 (
32... Rf7 $142 $5 $16) 33. Rfe1 $18 Rd8 (33... c6 34. Re7+ Kg8 35. Nb6 Rxa3 36.
Rxa3 (36. Nxc4 {is the less attractive alternative} Rxa1 37. Nd6 Ra2 $17) 36...
Nxa3 37. Rc7 $18) 34. Nxc7 (34. Rad1 {seems even better} c6 35. Nb6 Rxd1 36.
Rxd1 Nxb6 37. cxb6 Rxa3 $18) 34... Rc8 35. Ne6 Ra6 (35... Rxa3 36. Rac1 Ra6 37.
Ng5+ hxg5 38. Rxc4 $18) 36. Nf4 (36. Rac1 $142 $5 {
makes it even easier for White} Rxe6 37. Rxe6 Kxe6 38. Rxc4 Kd5 $18) 36... Rxc5
37. Nd3 Rca5 38. f4 (38. Rac1 $142 {would have given White a clear advantage}
Rd6 39. Rxc4 Rxd3 40. Rc7+ Kf6 41. Ree7 $18) 38... Rxa3 $14 39. Rxa3 Rxa3 40.
Ne5+ Nxe5 41. Rxe5 {A rook endgame occured} Kf6 42. Rb5 Ra6 (42... g5 43. fxg5+
hxg5 44. Kf2 $14) 43. Kf3 g6 44. g4 Rc6 45. Re5 Rc3+ 46. Re3 Rc6 1/2-1/2

[Event "Asheboro Open 41"]
[Site "MyTown"]
[Date "2009.01.04"]
[Round "2"]
[White "King, Paul"]
[Black "Dejong, Andrew"]
[Result "0-1"]
[WhiteElo "1851"]
[BlackElo "1855"]
[Annotator "Rybka 3 (90s)"]
[PlyCount "100"]
[EventDate "2009.??.??"]
[SourceDate "2006.11.11"]

{A30: Symmetrical English: Double Fianchetto and Hedgehog} 1. Nf3 c5 (1... Nf6
2. d4 $11) 2. b3 (2. e4 Nc6 $11) 2... Nf6 3. Bb2 e6 (3... Nc6 4. e3 $11) 4. c4
(4. e3 Nc6 $11) 4... Nc6 5. e3 {Prevents intrusion on d4} g6 (5... d5 6. Na3
$11) 6. Nc3 Bg7 7. Be2 O-O 8. O-O d5 9. d4 (9. cxd5 Nxd5 10. Qc1 Nxc3 11. Bxc3
e5 $15) 9... b6 (9... cxd4 $5 10. exd4 h6 $11) 10. dxc5 $14 bxc5 (10... Ne4 11.
Qc1 $16) 11. Na4 {White threatens to win material: Na4xc5} Qd6 (11... dxc4 $5 {
deserves consideration} 12. Qc1 cxb3 13. axb3 Qe7 $14) 12. Rc1 $16 Nd7 {
Black intends d4} 13. Bxg7 Kxg7 14. a3 (14. cxd5 exd5 15. Bb5 Kg8 $16) 14... d4
{Black gains space} 15. Ng5 (15. exd4 $142 $5 Nxd4 16. Nxd4 Qxd4 17. Rc3 $16)
15... f5 16. Qd2 e5 17. e4 $2 (17. b4 $142 $11 {
and White could well hope to play on}) 17... h6 $19 18. exf5 (18. Nh3 fxe4 19.
Bg4 Nf6 20. Bxc8 Raxc8 $19) 18... hxg5 19. fxg6 Qxg6 (19... Rb8 20. Rb1 $19)
20. b4 $2 (20. Bg4 Rf4 21. Bxd7 Bxd7 22. Nxc5 Bf5 $19) 20... cxb4 (20... Qf5 $5
21. Rce1 Qf4 22. Qb2 $19) 21. axb4 Nf6 (21... g4 22. b5 Nd8 23. f4 $17) 22. b5
Ne7 (22... Rh8 23. bxc6 Qh6 24. f3 $17) 23. Nc5 (23. Rce1 Ne4 24. Qb2 Nd6 $17)
23... Rh8 24. Bd3 $4 {leading to a quick end} (24. Qd3 $142 $17) 24... Qh6 (
24... Qh5 {might be the shorter path} 25. f3 Qxh2+ 26. Kf2 Qh4+ 27. Ke2 $19)
25. f3 (25. h3 {does not help much} Bxh3 $1 {a brilliant end} 26. gxh3 Qxh3 $19
) 25... Qxh2+ 26. Kf2 Qf4 (26... Qh4+ $142 {finishes off the opponent} 27. Ke2
Nf5 $19) 27. Qxf4 exf4 28. Rfe1 Kf7 (28... Ng6 29. Ra1 g4 30. Nb3 $19) 29. Re5
(29. Nb3 $5 $17) 29... g4 $19 30. Rce1 Ng6 (30... g3+ 31. Kg1 Ng6 32. Rg5 $19)
31. Rg5 (31. Bxg6+ Kxg6 32. Nd3 g3+ 33. Ke2 Rh4 $19) 31... g3+ 32. Kg1 Rh6 33.
Ne4 Nxe4 34. Rxe4 $4 {White crumbles in face of a dire situation} (34. Bxe4
$142 Rb8 35. Rd5 $19) 34... Be6 35. Rxd4 (35. Rxg6 {is not much help} Rxg6 (
35... Kxg6 $143 36. Rxe6+ Kg7 37. Re7+ Kf6 38. Re4 $19) 36. Rxf4+ Rf6 37. Rxd4
Rc8 $19) 35... Rah8 36. Bxg6+ Kf6 37. Rh5 Rxh5 38. Bxh5 Rxh5 39. Rxf4+ Ke5 (
39... Ke7 $142 $5 {seems even better} 40. Re4 Rc5 41. Kf1 Rxc4 42. Re1 $19) 40.
Re4+ Kd6 41. Rd4+ (41. f4 $19 {desperation}) 41... Kc5 42. Re4 Bxc4 43. Rg4
Kxb5 44. Rxg3 a5 45. Rg7 Kb4 46. g4 Rh8 (46... Rd5 {
makes it even easier for Black} 47. Kf2 $19) 47. Rb7+ Bb5 48. g5 (48. Rc7 {
hardly improves anything} a4 $19) 48... a4 49. g6 (49. Re7 $19 {
is still a small chance}) 49... Rg8 50. g7 (50. Rc7 {does not save the day}
Rxg6+ 51. Kf2 a3 $19) 50... a3 (50... a3 51. Re7 a2 $19) 0-1